Comunicación y expresión oral y escrita: la dramatización como recurso
שמור ב:
| מחבר ראשי: | |
|---|---|
| פורמט: | ספר |
| שפה: | ספרדית |
| יצא לאור: |
Barcelona
Graó
1995
|
| מהדורה: | 1a. ed |
| סדרה: | Didáctica de la Lengua y de la Literatura, 198
|
| נושאים: | |
| תגים: |
הוספת תג
אין תגיות, היה/י הראשונ/ה לתייג את הרשומה!
|
MARC
| LEADER | 00000nam a2200000 a 4500 | ||
|---|---|---|---|
| 001 | UCH1598 | ||
| 003 | CL-VaPUC | ||
| 008 | 090430e19950000SP |||||||||||||||||spa|d | ||
| 020 | |a 9788478273386 | ||
| 082 | 0 | 4 | |a 372.66 |b GAR |2 21 |
| 100 | |a García del Toro, Antonio |e author |9 589920 | ||
| 245 | 1 | 0 | |a Comunicación y expresión oral y escrita: la dramatización como recurso |
| 250 | |a 1a. ed | ||
| 300 | |a 91 p | ||
| 942 | |c BK | ||
| 945 | |d 20090430 00:00:00 |a rbrito | ||
| 260 | |a Barcelona |b Graó |c 1995 | ||
| 650 | 0 | |a Comunicación oral |9 307769 | |
| 650 | 0 | |a Comunicación escrita |9 345084 | |
| 650 | 7 | |a DRAMATIZACION |2 CL-VaPUC |9 340036 | |
| 650 | 0 | |a Teatro |9 265385 | |
| 583 | |a last modification |c 20090430 00:00:00 |k Rodrigo Vera | ||
| 490 | 0 | |a Didáctica de la Lengua y de la Literatura, 198 | |
| 999 | |c 333572 |d 333570 | ||
| 952 | |0 0 |1 0 |4 0 |6 372_660000000000000_GAR_1995 |7 0 |8 A |9 422085 |a BIBEDU |b BIBEDU |d 2019-11-22 |i 4545818 |o 372.66 GAR 1995 |p 4545818 |r 2019-11-22 |w 2019-11-22 |y BK |k LIT | ||